[Event "AUTO-INT-3193"]
[Site "http://www.queenalice.com/game.php?id=1466438"]
[Date "2017.2.25"]
[Round "2"]
[White "cyclone"]
[Black "radusweski"]
[Result "1-0"]
[WhiteElo "1880"]
[BlackElo "1589"]

1. e4 c5 2. Nf3 d6 3. d4 Bg4 4. d5 Nf6 5. Nbd2 Qa5 6. c3 g6 7. Be2 Bh6 8. Nb3
Qb6 9. Bxh6 Nxe4 10. Rb1 c4 11. Nbd4 e5 12. dxe6 fxe6 13. Bxc4 e5 14. h3 Bxf3
15. Qxf3 exd4 16. Qxe4+ Kd7 17. Qe6+ Kc7 18. cxd4 Nc6 19. Qf7+ Kc8 20. Be6+ Kb8
21. O-O 1-0

[Event "AUTO-INT-3193"]
[Site "http://www.queenalice.com/game.php?id=1466439"]
[Date "2017.2.25"]
[Round "2"]
[White "manuelito"]
[Black "cyclone"]
[Result "1-0"]
[WhiteElo "1616"]
[BlackElo "1908"]

1. d4 d5 2. e3 Nf6 3. Nf3 e6 4. Be2 h6 5. O-O Bd6 6. c4 O-O 7. c5 Be7 8. b4 Bd7
9. Bb2 Ne4 10. Nc3 f5 11. Nxe4 1-0

[Event "AUTO-INT-3193"]
[Site "http://www.queenalice.com/game.php?id=1466440"]
[Date "2017.2.25"]
[Round "2"]
[White "cyclone"]
[Black "manuelito"]
[Result "0-1"]
[WhiteElo "1939"]
[BlackElo "1586"]

1. e4 e5 2. Nf3 d6 3. Bc4 h6 4. Nc3 Nc6 5. h3 Nf6 6. a3 Be7 7. d3 O-O 8. O-O Be6
9. Bxe6 fxe6 10. Re1 Rf7 11. Bd2 Qd7 0-1

[Event "AUTO-ADV-3826"]
[Site "http://www.queenalice.com/game.php?id=1476405"]
[Date "2017.5.2"]
[Round "1"]
[White "cyclone"]
[Black "Bulldozer"]
[Result "1-0"]
[WhiteElo "1904"]
[BlackElo "1806"]

1. e4 e6 2. d4 d5 3. e5 c5 4. c3 Nc6 5. Nf3 Qb6 6. Bd3 Bd7 7. Bc2 cxd4 8. cxd4
Bb4+ 9. Nc3 Nge7 10. a3 Bxc3+ 11. bxc3 O-O 12. O-O Rac8 13. Rb1 Qc7 14. Ng5 h6
15. Nh3 Na5 16. Bd2 Nc4 17. Bc1 Nc6 18. Nf4 N6a5 19. Qd3 f5 20. exf6 Rxf6 21.
Qh7+ Kf8 22. Qh8+ Ke7 23. Qxg7+ Rf7 24. Ng6+ 1-0

[Event "AUTO-ADV-3826"]
[Site "http://www.queenalice.com/game.php?id=1476406"]
[Date "2017.5.2"]
[Round "1"]
[White "Bulldozer"]
[Black "cyclone"]
[Result "0-1"]
[WhiteElo "1794"]
[BlackElo "1928"]

1. e4 e5 2. Nf3 Nc6 3. Bb5 d6 4. h3 Bd7 5. Nc3 Nf6 6. d3 Be7 7. O-O O-O 8. Be3
a6 9. Ba4 b5 10. Bb3 Na5 11. a4 Nxb3 12. cxb3 b4 13. Ne2 c5 14. Rc1 Be6 15. Nd2
Rc8 16. Nc4 Rb8 17. f4 exf4 18. Nxf4 Bd7 19. Qf3 Bc6 20. Rce1 Nd7 21. Nd5 Ne5
22. Bf4 Nxf3+ 23. Rxf3 Bxd5 0-1

[Event "AUTO-ADV-3826"]
[Site "http://www.queenalice.com/game.php?id=1476407"]
[Date "2017.5.2"]
[Round "1"]
[White "cyclone"]
[Black "mascarade"]
[Result "1-0"]
[WhiteElo "1892"]
[BlackElo "1799"]

1. e4 e5 2. Nf3 d6 3. Bc4 h6 4. Nc3 Nc6 5. h3 Na5 6. Be2 Nf6 7. O-O g5 8. Nh2
Nh7 9. d4 Bg7 10. dxe5 Bxe5 11. Bd2 f5 12. Nd5 Nc6 13. Bh5+ Kf8 14. exf5 Bxf5
15. c3 Nf6 16. Nxf6 Qxf6 17. Ng4 Bxg4 18. Qxg4 Ke7 19. Rae1 Raf8 20. f4 1-0

[Event "AUTO-ADV-3826"]
[Site "http://www.queenalice.com/game.php?id=1476408"]
[Date "2017.5.2"]
[Round "1"]
[White "mascarade"]
[Black "cyclone"]
[Result "1-0"]
[WhiteElo "1750"]
[BlackElo "1933"]

1. Nf3 d5 2. d4 Nf6 3. g3 e6 4. Bg2 Be7 5. Nc3 Nbd7 6. Bf4 O-O 7. Nb5 e5 8. Nxe5
c6 9. Nc3 Re8 10. Nxd7 Bxd7 11. O-O Bf5 12. Re1 Bb4 13. Bd2 Qd7 14. a3 Bd6 15.
Bg5 Ne4 16. Nxe4 dxe4 17. Be3 Bh3 18. c4 Bxg2 19. Kxg2 Re6 20. c5 Bc7 21. b4 f5
22. a4 Rf8 23. Qb3 Kh8 24. f4 Rh6 25. b5 Ba5 26. Red1 cxb5 27. axb5 b6 28. c6
Qe8 29. Qb2 Rf7 30. d5 Qd8 31. Bd4 Kg8 32. Be5 g5 33. d6 gxf4 34. Bxf4 Rg6 35.
d7 1-0

[Event "AUTO-ADV-3826"]
[Site "http://www.queenalice.com/game.php?id=1476409"]
[Date "2017.5.2"]
[Round "1"]
[White "cyclone"]
[Black "Warprincess"]
[Result "0-1"]
[WhiteElo "1939"]
[BlackElo "1835"]

1. e4 c5 2. Nf3 d6 3. d4 Nf6 4. Nc3 cxd4 5. Nxd4 Nc6 6. h3 e5 7. Nf3 Be7 8. a3
O-O 9. Bc4 a6 10. O-O Be6 11. Bd3 Rc8 12. Be3 Nh5 13. Nxe5 Nxe5 14. Qxh5 Bf6 15.
Rac1 g6 16. Qe2 Bg7 17. f4 Nxd3 18. cxd3 Qh4 19. d4 Rfe8 20. Rf3 Bc4 21. Qf2
Qxf2+ 22. Rxf2 b5 23. Re1 Re7 24. e5 d5 25. g4 Rce8 26. f5 f6 27. exf6 Bxf6 28.
fxg6 Bxd4 0-1

[Event "AUTO-ADV-3826"]
[Site "http://www.queenalice.com/game.php?id=1476410"]
[Date "2017.5.2"]
[Round "1"]
[White "Warprincess"]
[Black "cyclone"]
[Result "0-1"]
[WhiteElo "1818"]
[BlackElo "1916"]

1. e4 e6 2. d4 d5 3. exd5 exd5 4. Nf3 Nf6 5. h3 Be7 6. Bd3 h6 7. Bf4 Be6 8. O-O
O-O 9. Nbd2 Nc6 10. c3 Bd6 11. Ne5 Ne7 12. Ndf3 Ne4 13. Rc1 f6 14. c4 fxe5 15.
dxe5 Bc5 16. cxd5 Bxd5 17. Rxc5 Nxc5 18. Bg3 Nxd3 19. Qxd3 Bxf3 0-1

[Event "AUTO-ADV-3829"]
[Site "http://www.queenalice.com/game.php?id=1476914"]
[Date "2017.5.6"]
[Round "1"]
[White "sphagnis"]
[Black "cyclone"]
[Result "0-1"]
[WhiteElo "1651"]
[BlackElo "1924"]

1. e4 e6 2. d4 d5 3. e5 c5 4. Nf3 Nc6 5. Bb5 Bd7 6. Bxc6 Bxc6 7. Bg5 Qb6 8. b3
h6 9. Bh4 Ne7 10. h3 Nf5 11. c3 cxd4 12. Nxd4 Nxh4 13. Qg4 g5 14. Nd2 Bd7 15.
N2f3 Nxf3+ 16. Qxf3 Bg7 17. Qg3 Qc7 18. Nf3 Qxc3+ 19. Ke2 Bb5+ 20. Kd1 Qxa1+ 21.
Kd2 Qxh1 22. Qh2 Qxh2 23. Nxh2 Bxe5 24. Ng4 Bg7 25. a4 Bc6 26. Kd3 f5 27. Ne3
Kf7 28. g4 f4 29. Nc2 Rac8 30. Nd4 Bxd4 31. Kxd4 Kf6 32. f3 Rhd8 33. Kd3 e5 34.
Kc3 Bxa4+ 35. Kb4 Bxb3 36. Kxb3 Rc4 37. Kb2 Rd6 38. Kb3 Rb6+ 39. Ka3 Rc1 40. Ka2
d4 41. h4 gxh4 42. g5+ hxg5 43. Ka3 Ra1# 0-1

[Event "AUTO-ADV-3829"]
[Site "http://www.queenalice.com/game.php?id=1476915"]
[Date "2017.5.6"]
[Round "1"]
[White "cyclone"]
[Black "sphagnis"]
[Result "1-0"]
[WhiteElo "1888"]
[BlackElo "1714"]

1. e4 e5 2. Nf3 Nc6 3. Bc4 Bc5 4. Nc3 d6 5. h3 Nf6 6. O-O O-O 7. d3 h6 8. a3 Be6
9. Nd5 a6 10. b4 Bd4 11. Nxd4 exd4 12. Bb2 b5 13. Ba2 Rb8 14. Nf4 Bxa2 15. Rxa2
d5 16. exd5 Nxd5 17. Nxd5 Qxd5 18. Ra1 Rfe8 19. Re1 Rbd8 20. Qg4 Rxe1+ 21. Rxe1
Kf8 22. Bc1 Ne5 23. Qg3 Re8 24. f3 Ng6 25. Rxe8+ Kxe8 26. Qxc7 Qd7 27. Qb6 Ne7
28. Kf2 Nc8 29. Qxa6 Nd6 30. Qa8+ Ke7 31. Qd5 Nf5 32. Qe5+ Kf8 33. Bf4 f6 34.
Qc5+ Kf7 35. g4 g5 36. Bd2 Kg7 37. Qxf5 Qxf5 38. gxf5 Kf7 39. c3 Ke7 40. c4 bxc4
41. dxc4 Kd6 42. f4 Kc6 43. Kf3 Kd6 44. Ke4 gxf4 45. Bxf4+ Ke7 46. Kxd4 h5 47.
b5 Kd7 48. c5 h4 49. c6+ Kc8 50. b6 Kd8 51. b7 Ke7 52. c7 Kd7 53. c8=Q+ Ke7 54.
Qe6+ Kd8 55. b8=Q# 1-0

[Event "AUTO-ADV-3829"]
[Site "http://www.queenalice.com/game.php?id=1476928"]
[Date "2017.5.6"]
[Round "1"]
[White "avieytoa"]
[Black "cyclone"]
[Result "0-1"]
[WhiteElo "1871"]
[BlackElo "1919"]

1. e4 e6 2. d4 d5 3. e5 c5 4. c3 Nc6 5. Nf3 Qb6 6. Be3 Qxb2 7. Bc1 Qb6 8. Na3
cxd4 9. cxd4 Qa5+ 10. Bd2 Qxa3 11. Qb3 Qxb3 12. axb3 Nge7 13. Bd3 Ng6 14. O-O a5
15. Bb5 Bd7 16. Be3 Bb4 17. Rab1 O-O 18. h3 Ncxe5 19. Nxe5 Nxe5 20. Bxd7 Nxd7
21. Rfc1 Rfc8 22. Rxc8+ Rxc8 23. Kh2 f6 24. f3 e5 25. dxe5 fxe5 26. Rd1 d4 27.
Bf2 Rc2 28. Bg1 Nc5 29. Rb1 Rc3 30. Bf2 Rxb3 31. Rd1 Rb2 32. Be1 Bxe1 33. Rxe1
Nd3 34. Re4 a4 35. Re1 Nxe1 0-1

[Event "AUTO-ADV-3829"]
[Site "http://www.queenalice.com/game.php?id=1476929"]
[Date "2017.5.6"]
[Round "1"]
[White "cyclone"]
[Black "avieytoa"]
[Result "1-0"]
[WhiteElo "1932"]
[BlackElo "1804"]

1. e4 e5 2. Nf3 Nc6 3. Bc4 h6 4. a3 Nf6 5. Nc3 Bc5 6. h3 d6 7. d3 Bd7 8. Na4 Bd4
9. c3 Bb6 10. Nxb6 cxb6 11. Be3 O-O 12. O-O Na5 13. Ba2 Qe7 14. b4 Nc6 15. Rc1
a5 16. b5 Na7 17. a4 Nc8 18. Re1 Be6 19. Qd2 Bxa2 20. Qxa2 Nh5 21. d4 exd4 22.
cxd4 Nf6 23. e5 dxe5 24. Nxe5 Ne4 25. Ng6 Qf6 26. Nxf8 Kxf8 27. Qd5 Ned6 28. g3
Ne7 29. Qh5 Nef5 30. Qf3 g5 31. g4 Kg7 32. gxf5 Qxf5 33. Qxf5 Nxf5 34. Rc7 Rb8
35. d5 Rd8 36. Bxb6 Rxd5 37. Rxb7 Nd4 38. Bxd4+ Rxd4 39. Ra1 Rd3 40. Kg2 Kg6 41.
Ra7 f6 42. Rxa5 Rb3 43. Ra6 h5 44. Re1 g4 45. hxg4 hxg4 46. Ree6 Rf3 47. Rxf6+
Rxf6 48. Rxf6+ Kxf6 49. b6 Kf5 50. b7 Kf4 51. b8=Q+ Kg5 52. Kg3 Kh5 53. Qe5+ 1-0

[Event "AUTO-ADV-3829"]
[Site "http://www.queenalice.com/game.php?id=1476938"]
[Date "2017.5.6"]
[Round "1"]
[White "cyclone"]
[Black "NickThorp"]
[Result "1-0"]
[WhiteElo "1929"]
[BlackElo "1597"]

1. e4 e5 2. Nf3 Nc6 3. Bc4 d6 4. h3 Nf6 5. Nc3 a6 6. Ng5 Be7 7. Nxf7 Qd7 8. Nxh8
Na5 9. Be2 g6 10. d3 d5 11. exd5 Nxd5 12. Bg4 Qd6 13. Bxc8 Rxc8 14. Nxd5 Qxd5
15. O-O Kd7 16. Qg4+ Qe6 17. Qxe6+ Kxe6 18. Nxg6 hxg6 19. Bd2 Nc6 20. Rae1 Nd4
21. c3 Nc6 22. d4 Rd8 23. f4 g5 24. fxe5 Na5 25. g4 Nc4 26. Bc1 c5 27. b3 cxd4
28. bxc4 dxc3 29. Rf3 c2 30. Kf1 Rd1 31. Ke2 Rd4 32. Rf5 Rxc4 33. Kd3 Rc6 34.
Re2 Ba3 35. Rf6+ Kd5 36. Rxc6 bxc6 37. Bxa3 Ke6 38. Kxc2 a5 39. Bd6 a4 40. Rf2
c5 41. Rf5 Kd5 42. Rxg5 c4 43. h4 Kd4 44. h5 1-0

[Event "AUTO-ADV-3829"]
[Site "http://www.queenalice.com/game.php?id=1476939"]
[Date "2017.5.6"]
[Round "1"]
[White "NickThorp"]
[Black "cyclone"]
[Result "0-1"]
[WhiteElo "1657"]
[BlackElo "1918"]

1. d4 d5 2. Nc3 e6 3. a3 Nf6 4. Bg5 Be7 5. e3 O-O 6. Nf3 Nbd7 7. Bd3 c5 8. dxc5
Nxc5 9. O-O Nxd3 10. Qxd3 Bd7 11. b4 Rc8 12. Ne5 h6 13. Bh4 Bc6 14. Nxc6 bxc6
15. Rad1 Nd7 16. Bxe7 Qxe7 17. e4 Ne5 18. Qd4 Nc4 19. exd5 cxd5 20. Rfe1 Nxa3
21. Qd3 Qxb4 22. Na2 Qb2 23. Nc1 Rxc2 24. Re2 Qxc1 25. Rxc2 Qxc2 26. Qd4 Nc4 27.
h3 a5 28. Qa1 Rb8 29. Rc1 Qf5 30. Qc3 Rb2 31. f3 Qg5 32. Rc2 Rxc2 33. Qxc2 Ne3
34. Qe2 Qxg2+ 35. Qxg2 Nxg2 36. Kxg2 a4 37. Kf2 a3 0-1

[Event "AUTO-INT-3190"]
[Site "http://www.queenalice.com/game.php?id=1483001"]
[Date "2017.6.19"]
[Round "2"]
[White "piemme"]
[Black "cyclone"]
[Result "1-0"]
[WhiteElo "1585"]
[BlackElo "1917"]

1. e4 e6 2. d3 d5 3. exd5 exd5 4. Nf3 Nf6 5. Bg5 Be7 6. Be2 c5 7. O-O Nc6 8.
Nbd2 h6 9. Bh4 Be6 10. b3 Qd7 11. a3 O-O 12. c3 a6 13. b4 1-0

[Event "AUTO-INT-3190"]
[Site "http://www.queenalice.com/game.php?id=1483002"]
[Date "2017.6.19"]
[Round "2"]
[White "cyclone"]
[Black "piemme"]
[Result "0-1"]
[WhiteElo "1947"]
[BlackElo "1555"]

1. e4 e5 2. Nf3 d6 3. Bc4 h6 4. Nc3 a6 5. a3 b5 6. Ba2 c5 7. Bd5 Ra7 8. d3 Bg4
9. h3 Bxf3 10. Qxf3 Nf6 11. Ba2 Be7 12. Nd5 Nxd5 13. Bxd5 Bf6 0-1

[Event "AUTO-ADV-3829"]
[Site "http://www.queenalice.com/game.php?id=1488210"]
[Date "2017.7.31"]
[Round "2"]
[White "bobjgirl"]
[Black "cyclone"]
[Result "1-0"]
[WhiteElo "2320"]
[BlackElo "1913"]

1. d4 d5 2. c4 e6 3. Nf3 Nf6 4. g3 Be7 5. Bg2 O-O 6. O-O dxc4 7. Qc2 b5 8. a4
Bd7 9. Ne5 c6 10. axb5 Qb6 11. bxc6 Nxc6 12. Nxd7 Nxd7 13. Qxc4 Rac8 14. Ra6 Qb4
15. Qxb4 Nxb4 16. Rxa7 Rfd8 17. Nc3 Bf6 18. e3 Nd3 19. Be4 Nxc1 20. Rxc1 Rb8 21.
Na4 e5 22. Rcc7 Nf8 23. d5 h5 24. Rxf7 1-0

[Event "AUTO-ADV-3829"]
[Site "http://www.queenalice.com/game.php?id=1488211"]
[Date "2017.7.31"]
[Round "2"]
[White "cyclone"]
[Black "bobjgirl"]
[Result "0-1"]
[WhiteElo "1911"]
[BlackElo "2321"]

1. e4 e5 2. Nf3 Nc6 3. Bc4 Nf6 4. Nc3 Nxe4 5. Nxe4 d5 6. Bd3 dxe4 7. Bxe4 Qd6 8.
c3 Bd7 9. O-O O-O-O 10. a4 f5 11. Bc2 e4 12. Ne1 Ne5 13. d4 Ng4 14. g3 Qg6 15.
f3 Nf6 16. b4 Bd6 17. Ng2 h5 18. fxe4 fxe4 19. Bf4 Bg4 20. Qd2 h4 21. Bxd6 Rxd6
22. Qf4 hxg3 23. Qxg3 Rh3 0-1

[Event "AUTO-ADV-3829"]
[Site "http://www.queenalice.com/game.php?id=1488216"]
[Date "2017.7.31"]
[Round "2"]
[White "cyclone"]
[Black "MarcosT"]
[Result "1-0"]
[WhiteElo "1897"]
[BlackElo "1892"]

1. e4 d6 2. d4 Nf6 3. Nc3 g6 4. Nf3 Bg7 5. Bc4 O-O 6. h3 Re8 7. O-O c6 8. Be3
Nbd7 9. a3 e5 10. Ng5 b5 11. Bxf7+ Kh8 12. Bxg6 hxg6 13. Nf7+ 1-0

[Event "AUTO-ADV-3829"]
[Site "http://www.queenalice.com/game.php?id=1488217"]
[Date "2017.7.31"]
[Round "2"]
[White "MarcosT"]
[Black "cyclone"]
[Result "0-1"]
[WhiteElo "1917"]
[BlackElo "1925"]

1. e4 e6 2. d4 d5 3. e5 c5 4. c3 Nc6 5. Nf3 Qb6 6. b3 cxd4 7. Nxd4 Nxe5 8. Bf4
Ng6 9. Bb5+ Kd8 10. Qe2 Nxf4 11. Qf3 Qc7 12. O-O Nf6 13. Re1 a6 14. Be2 Nxe2+
15. Rxe2 Bd6 16. h3 Bd7 17. Nd2 Re8 18. Rae1 Rc8 19. a4 Qxc3 20. Qxc3 Rxc3 21.
N2f3 Ne4 22. Nd2 Nxd2 23. Rxd2 Bc6 24. Nxc6+ Rxc6 0-1

[Event "AUTO-ADV-3829"]
[Site "http://www.queenalice.com/game.php?id=1488218"]
[Date "2017.7.31"]
[Round "2"]
[White "cyclone"]
[Black "RJGF"]
[Result "1-0"]
[WhiteElo "1909"]
[BlackElo "1914"]

1. e4 e5 2. Nf3 Nc6 3. Bc4 Nf6 4. Nc3 d6 5. h3 Be7 6. O-O Bd7 7. d4 Na5 8. Bd3
O-O 9. dxe5 dxe5 10. Nxe5 Nc6 11. Nxd7 Qxd7 12. Be3 Rad8 13. Qf3 Ne5 14. Qe2
Nxd3 15. cxd3 Qxd3 16. Qf3 Qc4 17. Rac1 Qe6 18. e5 Qxe5 19. Rfe1 Qh5 20. Qxb7
Bd6 21. Bxa7 g5 22. Ne4 Nxe4 23. Qxe4 f5 24. Qc4+ Kg7 25. Bd4+ Kg6 26. Qe6+ 1-0

[Event "AUTO-ADV-3829"]
[Site "http://www.queenalice.com/game.php?id=1488219"]
[Date "2017.7.31"]
[Round "2"]
[White "RJGF"]
[Black "cyclone"]
[Result "1/2-1/2"]
[WhiteElo "1916"]
[BlackElo "1941"]

1. d4 d5 2. c4 e6 3. Nc3 Nf6 4. cxd5 exd5 5. Bg5 Be7 6. Nf3 h6 7. Bxf6 Bxf6 8.
e3 Bg4 9. h3 Bh5 10. g4 Bg6 11. Bd3 Bxd3 12. Qxd3 c6 13. O-O Nd7 14. e4 Nb6 15.
exd5 Nxd5 16. Nxd5 Qxd5 17. Rfe1+ Kd8 18. b3 Kc7 19. Rad1 Rhe8 20. Rxe8 Rxe8 21.
Re1 Rxe1+ 22. Nxe1 Bxd4 23. Qg3+ Be5 24. Qe3 b6 25. Nd3 Bf6 26. Qf4+ Kb7 27. Nb4
Qe5 28. Qc4 Qc7 29. Qa6+ Kb8 30. Qa4 Kb7 1/2-1/2